000 00249nam a22000977a 4500
999 _c516804
_d516804
082 _aTNC
100 _aThara, L. (ed.)
_923516
245 _aAgeing :
_bIndian perspective
_cedited by L. Thara
260 _aNew Delhi
_bDecent Books
_c2002
300 _a350p.